[Event "Baden-ch MT"]
[Site "Oberwinden"]
[Date "2007.04.12"]
[Round "9"]
[White "Hirschberg, Valerian"]
[Black "Zuelle, Bruno"]
[Result "1/2-1/2"]
[WhiteElo "2007"]
[BlackElo "2114"]
[PlyCount "54"]
[EventDate "2007.04.06"]
[EventType "swiss"]
[EventRounds "11"]
[EventCountry "GER"]
[SourceTitle "CBM 117 Extra"]
[Source "ChessBase"]
[SourceDate "2007.05.09"]
[SourceVersion "1"]
[SourceVersionDate "2007.05.09"]
[SourceQuality "1"]

1. Nf3 e6 2. c4 Nf6 3. g3 b6 4. Bg2 Bb7 5. 0-0 Be7 6. Nc3 0-0 7. d4 Ne4 8. Qc2 Nxc3 9. Qxc3 f5 10. b3 Bf6 11. Bb2 Qe7 12. Rac1 d6 13. Nd2 Bxg2 14. Kxg2 Nd7 15. Qc2 g6 16. e4 f4 17. g4 Qg7 18. Nf3 g5 19. Ba1 e5 20. d5 h5 21. h3 Kf7 22. Rh1 Rh8 23. Nh2 Rh6 24. f3 Rah8 25. gxh5 Rxh5 26. Ng4 Qh7 27. Nf2 a5 1/2-1/2

[Event "Baden-ch MT"]
[Site "Oberwinden"]
[Date "2007.04.11"]
[Round "8"]
[White "Zuelle, Bruno"]
[Black "Wielsch, Klaus"]
[Result "0-1"]
[WhiteElo "2114"]
[BlackElo "2167"]
[PlyCount "54"]
[EventDate "2007.04.06"]
[EventType "swiss"]
[EventRounds "11"]
[EventCountry "GER"]
[SourceTitle "CBM 117 Extra"]
[Source "ChessBase"]
[SourceDate "2007.05.09"]
[SourceVersion "1"]
[SourceVersionDate "2007.05.09"]
[SourceQuality "1"]

1. Nf3 e6 2. c4 d5 3. cxd5 exd5 4. d4 c6 5. Nc3 Bf5 6. Bg5 Be7 7. Bxe7 Qxe7 8. e3 Nf6 9. Bd3 Bxd3 10. Qxd3 Nbd7 11. 0-0 0-0 12. Rab1 Ne4 13. Nd2 f5 14. b4 a6 15. a3 Rf6 16. Na4 b5 17. Nc5 Ndxc5 18. bxc5 Nxd2 19. Qxd2 Qc7 20. g3 Re8 21. h4 Rg6 22. Kg2 Qe7 23. Rh1 Qe4+ 24. Kh2 Qf3 25. Kg1 f4 26. Qd1 Rxe3 27. Qxf3 Rxf3 0-1

[Event "Oberliga Baden 0607"]
[Site "Germany"]
[Date "2006.12.10"]
[Round "4.5"]
[White "Neunhoeffer, Helmut"]
[Black "Zuelle, Bruno"]
[Result "1/2-1/2"]
[WhiteElo "2305"]
[BlackElo "2113"]
[PlyCount "75"]
[EventDate "2006.10.15"]
[EventType "team-tourn"]
[EventRounds "9"]
[EventCountry "GER"]
[SourceTitle "EXT 2008"]
[Source "ChessBase"]
[SourceDate "2007.11.25"]
[SourceVersion "1"]
[SourceVersionDate "2007.11.25"]
[SourceQuality "1"]
[WhiteTeam "Heidelberg"]
[BlackTeam "Waldshut"]
[WhiteTeamCountry "GER"]
[BlackTeamCountry "GER"]

1. d4 Nf6 2. c4 e6 3. Nc3 Bb4 4. e3 c5 5. Bd3 d5 6. a3 Bxc3+ 7. bxc3 dxc4 8. Bxc4 Qc7 9. Qd3 0-0 10. Ne2 b6 11. 0-0 Bb7 12. f3 Rc8 13. Ba2 Ba6 14. Qd2 cxd4 15. cxd4 Qc2 16. Rf2 Qxd2 17. Bxd2 Nbd7 18. Rc1 Rxc1+ 19. Nxc1 Rc8 20. Bb1 Nd5 21. Na2 Bc4 22. g4 a5 23. Kg2 Bxa2 24. Bxa2 Nc3 25. Bb3 Nb1 26. d5 Nc5 27. Ba2 Nxa3 28. Bc1 Nb5 29. Rb2 Nc3 30. dxe6 fxe6 31. Bc4 Rc6 32. Rc2 Nd5 33. Bb5 Rd6 34. e4 Nb4 35. Rc4 Rd1 36. Be3 Nbd3 37. Rc3 Kf7 38. e5 1/2-1/2

[Event "Winterthur op"]
[Site "Winterthur"]
[Date "2006.10.11"]
[Round "6"]
[White "Zuelle, Bruno"]
[Black "Kargin, Arseny"]
[Result "0-1"]
[WhiteElo "2117"]
[BlackElo "2394"]
[PlyCount "72"]
[EventDate "2006.10.06"]
[EventType "swiss"]
[EventRounds "9"]
[EventCountry "SUI"]
[SourceTitle "EXT 2007"]
[Source "ChessBase"]
[SourceDate "2006.11.23"]
[SourceVersion "1"]
[SourceVersionDate "2006.11.23"]
[SourceQuality "1"]

1. Nf3 d5 2. d4 Nf6 3. c4 c6 4. e3 Bg4 5. Qb3 Qb6 6. Ne5 Bf5 7. cxd5 Nxd5 8. Bc4 e6 9. Bd2 Bd6 10. f4 g5 11. Qxb6 Nxb6 12. Bb3 gxf4 13. exf4 N8d7 14. Nc3 Rg8 15. g3 Nf6 16. Ke2 Rd8 17. Be3 Ke7 18. Rhg1 h5 19. Nf3 Bc7 20. Rac1 Nbd5 21. Nxd5+ Nxd5 22. Bxd5 Rxd5 23. Rc5 Rdd8 24. Rd1 Bb6 25. Rcc1 Rd5 26. b3 Rgd8 27. b4 a5 28. Rc4 Rb5 29. Bd2 Bg4 30. Bc3 e5 31. h3 Be6 32. Rc5 Bxc5 33. a4 Bxb4 34. axb5 Bxc3 35. bxc6 exd4 36. cxb7 Rb8 0-1